[Event "Ambalangoda Dhamso op 8th"]
[Site "Ambalangoda"]
[Date "2018.04.21"]
[Round "5"]
[White "Kumara, CMS Praneeth"]
[Black "Nethsara, R Navod"]
[Result "1-0"]
[WhiteElo "1836"]
[BlackElo "1264"]
[PlyCount "61"]
[EventDate "2018.04.19"]
[EventType "swiss"]
[EventRounds "9"]
[EventCountry "SRI"]
[SourceTitle "CBM 184 Extra"]
[Source "ChessBase"]
[SourceDate "2018.06.28"]
[SourceVersion "1"]
[SourceVersionDate "2018.06.28"]
[SourceQuality "1"]

1. e4 c5 2. Nc3 Nc6 3. f4 d6 4. Nf3 e6 5. g3 a6 6. Bg2 Qc7 7. 0-0 b5 8. d3 Bb7 9. Be3 Nf6 10. h3 h6 11. Qd2 Be7 12. Ne2 Nd7 13. c3 Nb6 14. Rae1 c4 15. d4 d5 16. e5 b4 17. g4 Na4 18. f5 Qa5 19. Qc2 Bc8 20. Nd2 Rb8 21. f6 gxf6 22. exf6 bxc3 23. Nxc3 Nxc3 24. bxc3 Bd6 25. Nxc4 dxc4 26. Bxc6+ Kd8 27. Rb1 Rxb1 28. Rxb1 Qc7 29. d5 h5 30. Bb6 Bc5+ 31. Bxc5 1-0